00718nam a2200181 a 450000100100000000500170001000800410002704000250006808200150009310000290010824501560013726000450029330000280033850000670036650400550043370000210048870000270050900002125820200930011259.0100903s1990 dr a 000 0 spa d aDO-SdBNPbspacBNPHU axxxbG633r1 aGómez Navarro, Eusebio13aEl rostro de Dios y del pobre :bacercamiento a San Juan de la Cruz /cEusebio Gómez Navarro, Lucio del Burgo ; presentación Juan Luis Rodríguez. aSanto Domingo :bAmigo del Hogar,c1990. a148 p. :bil. ;c22 cm. aIncluye datos biográficos de los autores en la contraportada aIncluye referencias bibliográficas ( p. 145-147)1 aBurgo, lucio del1 aRodríguez, Juan Luis